000 00265nam a2200121Ia 4500
100 _aDEOPUJARI/U.P.
942 _cBK
245 _aMAHARASHTRA COMMUTATION OF PENSION RULES
260 _bNagpur Law House
_aNagpur
300 _a56
546 _aENGLISH
999 _c26401
_d26401